Sustainable Suffolk - preparing the ground for telework (Record no. 60205)

MARC details
000 -LEADER
fixed length control field 00999cam a2200241 4500
001 - CONTROL NUMBER
control field ABS61414
008 - FIXED-LENGTH DATA ELEMENTS--GENERAL INFORMATION
fixed length control field 000000n1999 000 0 eng u
035 ## - SYSTEM CONTROL NUMBER
System control number (Sirsi) u100661
100 ## - MAIN ENTRY--PERSONAL NAME
Personal name Bibby, A.
245 ## - TITLE STATEMENT
Title Sustainable Suffolk - preparing the ground for telework
260 ## - PUBLICATION, DISTRIBUTION, ETC.
Date of publication, distribution, etc. 1999
490 ## - SERIES STATEMENT
Series statement Flexible Working
Volume/sequential designation 4(6) September 1999, 20-21(2)
520 ## - SUMMARY, ETC.
Summary, etc. Suffolk local authority is examining a range of flexible work options, including hotdesking and teleworking. Since 1996 there has been a home-based telework programme. Outlines the provisions of the tele/homeworking policy document. Also reports on an agreement with the Inland Revenue, which allows staff to get a proportion of tax relief on their work-incurred home expenses.
590 ## - LOCAL NOTE (RLIN)
Local note ABS
650 ## - SUBJECT ADDED ENTRY--TOPICAL TERM
Topical term or geographic name entry element TELEWORKING
650 ## - SUBJECT ADDED ENTRY--TOPICAL TERM
Topical term or geographic name entry element HOTDESKING
650 ## - SUBJECT ADDED ENTRY--TOPICAL TERM
Topical term or geographic name entry element INLAND REVENUE
650 ## - SUBJECT ADDED ENTRY--TOPICAL TERM
Topical term or geographic name entry element SUFFOLK
650 ## - SUBJECT ADDED ENTRY--TOPICAL TERM
Topical term or geographic name entry element LOCAL AUTHORITIES
650 ## - SUBJECT ADDED ENTRY--TOPICAL TERM
Topical term or geographic name entry element TAX RELIEF
690 ## - LOCAL SUBJECT ADDED ENTRY--TOPICAL TERM (OCLC, RLIN)
Topical term or geographic name as entry element OFFICE SERVICES AND ADMINISTRATION
942 ## - ADDED ENTRY ELEMENTS (KOHA)
Suppress in OPAC 0
Holdings
Withdrawn status Lost status Source of classification or shelving scheme Damaged status Not for loan Home library Current library Shelving location Date acquired Total Checkouts Full call number Barcode Date last seen Copy number Price effective from Koha item type
    Dewey Decimal Classification     London London Journal article 21/10/1999   ABS61414 100661-1001 06/08/2019 1 06/08/2019 Journal article